Oceňování kapitálových majetků Hlavní problémy a směry

Problém odhadu trhových hodnôt a cien vecných kapitálových majetkov zvlášť nehnuteľností ako jeden z najvýznamnejších momentov podnikania. Význam objektívnej cenovej sústavy pre kapitálový trh. Nutnosť dobrej orientácie v cenových reláciách. Prístup k oceňovaniu kapitálového majetku.

Na minha lista:
Detalhes bibliográficos
Autor principal: Krásenský, M.
Outros Autores: Vacek, J.
Formato: Capítulo de Livro
Idioma:tcheco
Assuntos:
Tags: Adicionar Tag
Sem tags, seja o primeiro a adicionar uma tag!

MARC

LEADER 00000naa a2200000 4500
001 r022023
005 20230922083933.6
041 0 |a cze 
044 |a CZ 
245 1 0 |a Oceňování kapitálových majetků  |b Hlavní problémy a směry  |c M. Krásenský, J. Vacek 
520 |a Problém odhadu trhových hodnôt a cien vecných kapitálových majetkov zvlášť nehnuteľností ako jeden z najvýznamnejších momentov podnikania. Význam objektívnej cenovej sústavy pre kapitálový trh. Nutnosť dobrej orientácie v cenových reláciách. Prístup k oceňovaniu kapitálového majetku. 
610 2 0 |a oceňovanie 
610 2 0 |a relácie cenové 
610 2 0 |a odhady 
610 2 0 |a ceny trhové 
610 2 0 |a nehnuteľnosti 
610 2 0 |a hodnota nehnuteľností 
610 2 0 |a cena nehnuteľností 
610 2 0 |a trh kapitálový 
100 1 |a Krásenský, M. 
700 1 |a Vacek, J.